MARC

LEADER 00000nas a2200000 i 4500
001 ssj0001573157
003 WaSeSS
005 20200512172242.0
006 m d
007 cr n
008 150903c20159999vaubr p s | a0eng
010 |a  2015203267 
022 |y 2380-7423 
032 |a 523680  |b USPS 
035 |a (WaSeSS)ssj0001573157 
037 |b National Association of Secondary School Principals, 1904 Association Dr., Reston, VA 22091 
040 |a DLC  |b eng  |c DLC  |d DLC  |d OCLCO  |d AU@  |d OCLCF  |d DLC  |d OCLCO  |d OCL  |d WaSeSS 
042 |a nsdp  |a pcc 
050 0 0 |a LA229  |b .S675 
082 1 0 |a 371.2  |2 23 
222 0 |a Advise  |b (Reston, Va.) 
245 0 0 |a Advise  |h [electronic resource] :  |b powering student leadership and engagement. 
246 1 3 |a Powering student leadership and engagement 
260 |a Reston, VA :  |b National Association of Secondary School Principals,  |c 2015- 
310 |a Bimonthly 
362 1 |a Began with: Volume 44, issue 1 (September 2015) 
506 |a License restrictions may limit access. 
588 |a Description based on surrogate of: Volume 44, issue 1 (September 2015); title from cover. 
588 |a Latest issue consulted: Volume 44, issue 6 (June 2016). 
650 0 |a Student activities  |z United States  |v Periodicals. 
650 0 |a High school students  |z United States  |v Periodicals. 
650 7 |a High school students.  |2 fast  |0 (OCoLC)fst00956174 
650 7 |a Student activities.  |2 fast  |0 (OCoLC)fst01135799 
651 7 |a United States.  |2 fast  |0 (OCoLC)fst01204155 
655 0 |a Electronic journals. 
710 2 |a National Association of Secondary School Principals (U.S.) 
780 0 0 |t Leadership for student activities  |x 1040-5399  |w (DLC) 89644428  |w (OCoLC)18441066 
850 |a DLC 
856 4 0 |z Full text available from Research Library: 2015 to 02/28/2017  |u https://search.proquest.com/publication/35324